Fregnance of the Earth/ (Record no. 208736)

MARC details
000 -LEADER
fixed length control field 00630nam a22001937a 4500
005 - DATE AND TIME OF LATEST TRANSACTION
control field 20250124143632.0
010 ## - LCCN (DPL NO)
LC control number ENG-143570
020 ## - INTERNATIONAL STANDARD BOOK NUMBER
International Standard Book Number 9788174347824
Terms of availability 300.00
035 ## - SYSTEM CONTROL NUMBER
System control number EN-127102
037 ## - SOURCE OF ACQUISITION
Source of stock number/acquisition DBAD
082 ## - DEWEY DECIMAL CLASSIFICATION NUMBER
Classification number 881
245 ## - TITLE STATEMENT
Title Fregnance of the Earth/
Statement of responsibility, etc Translated By Madhuri Shanbhag
250 ## - EDITION STATEMENT
Edition statement 1
260 ## - PUBLICATION, DISTRIBUTION, ETC. (IMPRINT)
Place of publication, distribution, etc Chennai
Name of publisher, distributor, etc Rajhans Prakashan
Date of publication, distribution, etc 2014
270 ## - ADDRESS
Address 1st Floor, A Block, East Wing, Plot No. 40, SP Info City, Dr. MGR Salai, Perungudi, Kandanchavadi
City Chennai
Postal code 600096
300 ## - PHYSICAL DESCRIPTION
Extent 165p.
Dimensions 21cm(pb)
700 ## - ADDED ENTRY--PERSONAL NAME
Personal name Shanbhag, Madhuri
Relator term Translated
9 (RLIN) 76979
942 ## - ADDED ENTRY ELEMENTS (KOHA)
Source of classification or shelving scheme Dewey Decimal Classification
Item type English Books
Classification part 881
Call number suffix FRE
Holdings
Withdrawn status Lost status Not for loan Collection code Home library Current library Date acquired Source of acquisition Cost, normal purchase price Full call number Barcode Copy number Cost, replacement price Koha item type
      Non-fiction Vinoba Puri Vinoba Puri 24/01/2025 Delivery of Books Act Division 300.00 881 FRE EN-127102 1 300.00 English Books

© Delhi Public Library
Hit Counter
free hit counter